000 00467nam a2200205Ia 4500
008 170918s9999 xx 000 0 und d
020 _a439273080
050 _bP855 2000
100 _aPosada, Mia
245 _aDandelions :
245 _bstars in the grass /
245 _cMia Posada.
260 _aNew York :
260 _bScholastic,
260 _c2000
300 _aunpaged :
300 _bcolored illustration ;
300 _c23cm.
500 _a460
999 _c341393
_d341393